01416nam a2200373 i 450000100060000000300080000600500170001400600190003100700150005000800410006502000270010602000180013303500230015103500240017403500250019803500210022304000310024405000250027508200150030010000250031524500860034025000230042626400530044930000660050233600310056833700330059933800430063250400610067558801280073660000600086465500270092470000290095185600620098049770FlNmELB20241216232153.0m o d | cr cnu||||||||141117s1999 mx a ob 000 0 spa d a9781413553888 (e-book) z9789688428948 a(MiAaPQ)EBC3225971 a(Au-PeEL)EBL3225971 a(CaPaEBR)ebr10957950 a(OCoLC)992003763 aFINmELBbspaerdacFINmELB 4aNB259.P46b.I88 19990 a730.922231 aIturbe, Josu,d1964-10aDestino cósmico :bvida y obra escultórica de Andrés Peraza /cJosu Iturbe. aPrimera edición. 1aMéxico :bM.A. Porrua Grupo Editorial,c[1999] a1 recurso en línea (181 páginas) :bilustraciones a color atextobtxt2rdacontent/spa acomputadorabc2rdamedia/spa arecurso en líneabcr2rdacarrier/spa aIncludes bibliographical references (páginas 177-181). aDescripción basada en recurso en línea; Título de la página del título en PDF (e-libro, visto November 17, 2014).10aPeraza, Andrés,d1922-xCriticism and interpretation. 4aLibros electrónicos.1 aPeraza, Andrés,d1922-40uhttps://elibro.net/ereader/politecnicointernacional/73065